00827nam a2200265Ia 450000500170000000800460001702000180006303700130008104000080009404000080010204000080011004100080011804100080012608400080013410000720014224500690021426000150028326000240029826000090032265000210033185600870035294200100043999900210044995200910047020260302114759.0008 260114s9999 xx 000 0 eng d a9781350197336 aTextbook aCRL beng cCRL 2eng aeng qCRL aScott Slovic, Swarnalatha Rangarajan and Vidya Sarveswaran91119738 4aThe Bloomsbury Handbook to the Medical-Environmental Humanities  bBloomsbury bBloomsbury Academic c2022 aLiterary Studies uhttps://doi.org/10.5040/9781350197336?locatt=label:secondary_bloomsburyCollections cEBOOK c1683812d1683812 00104070aCRLbCRLd2026-03-02l0pCL1976533r2026-03-02 11:47:59w2026-03-02yEBOOK